| 000 | 00494nam a2200169Ia 4500 | ||
|---|---|---|---|
| 008 | 151213s9999 xx 000 0 und d | ||
| 020 | _a9.8483092018e+011 | ||
| 100 | _aবঙ্কিম | ||
| 245 |
_aরচনা সামগ্রী _cবঙ্কিম |
||
| 250 | _a১ম সং | ||
| 260 |
_aঢাকা _bতোফাজ্জল হোসেন _c2010 |
||
| 300 | _a8344 p. | ||
| 650 | _aBangla | ||
| 650 | _aরচনাবলী | ||
| 700 | _aবঙ্কিম | ||
| 999 |
_c4184 _d4184 |
||